Συνταγματικό δίκαιο : οργάνωση και λειτουργία της πολιτείας

Αποθηκεύτηκε σε:
Λεπτομέρειες βιβλιογραφικής εγγραφής
Κύριος συγγραφέας: Τσάτσος, Δημήτρης Θ., 1933-2010
Μορφή: Βιβλίο
Γλώσσα:Greek
Δημοσίευση: Αθήνα : Σάκκουλας, Α., c1993
Έκδοση:2η έκδ.
Θέματα:
Ετικέτες: Προσθήκη ετικέτας
Δεν υπάρχουν, Καταχωρήστε ετικέτα πρώτοι!

MARC

LEADER 00000nam a2200000 i 4500
001 1/64414
008 071126s1993 gre d
020 |a 960-232-013-3 
035 |l 10092539 
040 |a GR-MY-UA  |b gre  |e aacr 
041 0 |a gre 
082 0 |a 342.009495 
100 1 |a Τσάτσος, Δημήτρης Θ.,   |d 1933-2010. 
245 1 0 |a Συνταγματικό δίκαιο :  |b οργάνωση και λειτουργία της πολιτείας /  |c Δημήτρης Θ. Τσάτσος ; συνδρομή Πηνελόπης Ν. Φουντεδάκη 
250 |a 2η έκδ. 
260 |a Αθήνα :   |b Σάκκουλας, Α.,   |c c1993 
300 |a Τ.2: 624 σ. 
650 0 0 |a Constitutional law  |z Greece. 
700 1 |a Φουντεδάκη, Πηνελόπη Ν.  |4 oth 
852 |a INST  |b CHIOS  |e 20071126  |h 342.009495 ΤΣΑ  |p 005200018706  |q 005200018706  |t BK  |y 0  |z τ.2 
852 |a INST  |b CHIOS  |e 20071126  |h 342.009495 ΤΣΑ  |p 005200018707  |q 005200018707  |t BK  |y 0  |z τ.2 
852 |a INST  |b CHIOS  |e 20071126  |h 342.009495 ΤΣΑ  |p 005200018706  |q 005200018706  |t BK  |v τ.2:  |y 0  |z τ.2 
852 |a INST  |b CHIOS  |e 20071126  |h 342.009495 ΤΣΑ  |p 005200018707  |q 005200018707  |t BK  |v τ.2:  |y 0  |z τ.2 
853 |a INST  |b CHIOS  |h 342.009495 ΤΣΑ 
909 |a Χ  |b 073985 
909 |a Χ  |b 073983